NHL 30 derniers choix de premier tour des Canadiens de Montréal - Statistiques

Statistiques générales
  • Ce quiz a été pris 306 fois
  • Le résultat moyen est 12 sur 30
Statistiques - réponses
Repêchage Joueur % Correct
2024, 5e choix, Russie Demidov
93%
2022, 1er choix, Slovaquie Slafkovsky
89%
2019, 15e choix, USA Caufield
85%
2023, 5e choix, Autriche Reinbacher
80%
2024, 21e choix, Canada Hage
79%
2022, 26e choix, Slovaquie Mesar
73%
2005, 5e choix, Canada Price
71%
2018, 3e choix, Finlande Kotkaniemi
67%
2020, 16e choix, Canada Guhle
63%
2021, 31e choix, Canada Mailloux
63%
2012, 3e choix, USA Galchenyuk
52%
2016, 9e choix, Russie Sergachev
44%
2007, 22e choix, USA Pacioretty
40%
2013, 25e choix, USA McCarron
39%
2017, 25e choix, USA Poehling
38%
2014, 26e choix, Russie Scherbak
38%
2009, 18e choix, Canada Leblanc
36%
2007, 12e choix, USA McDonagh
29%
2015, 26e choix, Canada Juulsen
24%
2011, 17e choix, Canada Beaulieu
23%
2003, 10e choix, Biélorussie Kostitsyn
20%
2010, 22e choix, USA Tinordi
17%
2006, 20e choix, USA Fischer
9%
2002, 14e choix, USA Higgins
9%
2001, 7e choix, USA Komisarek
7%
2004, 18e choix, Canada Chipchura
6%
2000, 16e choix, Slovaquie Hossa
6%
2001, 25e choix, Russie Perezhogin
4%
1998, 16e, Canada Chouinard
3%
2000, 13e choix, USA Hainsey
3%
Aucun quiz correspondant
Distribution des résultats
% des personnes avec chaque résultat
Percentile par nombre de réponses
Votre historique - résultats
Vous n’avez pas pris ce quiz